Estudios de literatura española [mille y gimenez] /

Guardado en:
Autor Principal: Mille Y Gimenez, Juan
Formato: Libro
Publicado: La Plata : Coni, 1928
Materias:
Etiquetas: Agregar Etiqueta
Sin Etiquetas, Sea el primero en etiquetar este registro!
LEADER 00496nam a22001575a 4500
001 EHU.bham017607
003 AR-BHAM
005 20100625033040.0
008 130507s1928##################000#0#####d
082 8 6 |a 860.7 
100 1 |a Mille Y Gimenez, Juan 
245 1 0 |a Estudios de literatura española [mille y gimenez] /  |c Juan Mille Y Gimenez 
260 |a La Plata :  |b Coni,  |c 1928 
300 |a 350 p. 
653 |a Literatura espaÑola 
859 |a AR-BHAM  |b BIB. HUMANIDADES - Arturo Marasso  |h 860.7  |i M612  |p 1685.57  |t Ej.1  |v M